Algunos aspectos socio-demográficos de la población estable de nuestra ciudad (Registro nro. 22710)
[ vista simple ]
| 000 -LEADER | |
|---|---|
| fixed length control field | 00413 a2200133 4500 |
| 001 - CONTROL NUMBER | |
| control field | ART_6177 |
| 005 - DATE AND TIME OF LATEST TRANSACTION | |
| control field | 20260410161825.0 |
| 008 - FIXED-LENGTH DATA ELEMENTS--GENERAL INFORMATION | |
| fixed length control field | 260409a |
| 100 1# - MAIN ENTRY--PERSONAL NAME | |
| Personal name | Berges, Miriam |
| 245 10 - TITLE STATEMENT | |
| Title | Algunos aspectos socio-demográficos de la población estable de nuestra ciudad |
| 700 1# - ADDED ENTRY--PERSONAL NAME | |
| Personal name | Di Paola, Rosángela |
| 700 1# - ADDED ENTRY--PERSONAL NAME | |
| Personal name | Rodriguez, Elsa |
| 773 0# - HOST ITEM ENTRY | |
| Title | FACES |
| Related parts | - Año 1, Nº 1 (jun 1995) |
| Record control number | REV5046 |
No hay ítems disponibles.